Sports Quiz

Random Sports or NBA Quiz

Top 21 nba players 6ft and under. Quiz Stats

 Plays Quiz not verified by Sporcle

Score 0/21 Timer 10:00
0 Plays Today
Team(s) Player % Correct
SAC,BOS,PHO,LAL,CLE,DENIsaiah Thomas
89.6%
NOK/NOH,LAC,HOUChris Paul
87.5%
PHI,DEN,DET,MEMAllen Iverson
85.4%
CHH,GSW,TOR,WSBMuggsy Bogues
75%
TOR,HOU,MEMKyle Lowry
70.8%
NYK,CHI,DEN,BOS,GSW,OKC,NOPNate Robinson
60.4%
ATL,SAC,MIN,ORLSpud Webb
56.3%
DAL,MINJ.J. Barea
52.1%
CLE,GSW,ORL,WSBMark Price
41.7%
SAS,PORPatty Mills
37.5%
IND,SAC,DAL,LAC,NOHDarren Collison
37.5%
Team(s) Player % Correct
SAS,GSW,SEA,DEN,DAL,HOUAvery Johnson
35.4%
DEN,SAC,HOU,INDTy Lawson
33.3%
SDR,HOUCalvin Murphy
33.3%
CHA,ORL,OKC,IND,CHI,DET,DEN,TORDJ Augustin
31.3%
Den,MIL,LAC,GSW,WAS,CLE,+4 moreEarl Boykins
29.2%
POR,TOR,MEM,SASDamon Stoudamire
29.2%
ORL,DEN,NOP,DAL,DET,BOSJameer Nelson
27.1%
CLE,MIN,MILTerrell Brandon
25%
HOU,CHI,IND,SAC,MIN,DEN,PHOAaron Brooks
20.8%
NYKWataru Misaka
2.1%

You're not logged in!

Compare scores with friends on all Sporcle quizzes.
OR
Log In

Show Comments

Extras

Created May 16, 2019ReportNominate
Tags:NBA Quiz, player, team, Top 21, under

Top Quizzes Today


Score Distribution

Your Account Isn't Verified!

In order to create a playlist on Sporcle, you need to verify the email address you used during registration. Go to your Sporcle Settings to finish the process.

Report this User

Report this user for behavior that violates our Community Guidelines.

Details: